000 00783nam a2200229 a 4500
001 58137
003 BD-RjUL
005 20211209080605.0
008 161217s1960 enkab b 001 0 eng
035 _a(BD-RjUL)58261
040 _aDLC
_cDLC
_dOCoLC
_beng
041 _aeng
082 _a331.7096761
_2BD-RjUL
_bELM 1960
100 1 _aElkan, Walter.
_9172696
245 1 0 _aMigrants and proletarians :
_burban labour in the economic development of Uganda /
_cWalter Elkan,
260 _aLondon :
_bPublished on behalf of the East African Institute of Social Research by Oxford University Press,
_cc1960.
300 _aix, 149 p. :
_bill, ;
_c23 cm.
500 _aInclude index
650 0 _aLabor and laboring classes
_zUganda.
_9172697
942 _2ddc
_cBK
999 _c58137
_d58137